| 000 | 00394nam a2200157Ia 4500 | ||
|---|---|---|---|
| 008 | 230524s9999 xx 000 0 und d | ||
| 082 |
_a21.3815 _bCLI |
||
| 100 |
_aMichael D.Cilehi _91274 |
||
| 245 | 0 | _aAdvanced Digital Design with Verilog HDL(CD) | |
| 250 | _a3RD | ||
| 260 |
_aNEW DELHI _bPHI _c2004 |
||
| 300 | _aXX;982 | ||
| 500 | _aQuantity Number: 1 | ||
| 650 | _aComp-Sc | ||
| 942 | _cBK | ||
| 999 |
_c1512 _d1512 |
||